|
|
|
|
| LEADER |
00000nab a2200000 a 4500 |
| 001 |
vtls010734559 |
| 003 |
SK-MaSNL |
| 005 |
20260304192049.0 |
| 008 |
250709s2003 xo |||||||||||||||||slo| |
| 035 |
|
|
|a (urnnbn)urn:nbn:sk:snk:ar-a05e2c
|
| 035 |
|
|
|a (uuid)959c272a-f00f-4aec-afcd-4d927061cb04
|
| 035 |
|
|
|a urn:nbn:sk:snk-ab3we4
|
| 040 |
|
|
|a SNKBUCL
|b slo
|c SNKBUCL
|e AACR2
|
| 041 |
0 |
|
|a slo
|
| 044 |
|
|
|a xo
|c SK
|
| 100 |
1 |
|
|a Kosík, Juraj
|4 aut
|9 345636
|
| 245 |
1 |
0 |
|a Bezdrôtové siete WLAN podľa štandardu IEEE 802.11a :
|b Voľné pokračovanie článku Kam smerujú bezdrôtové siete WLAN z č. 11/2002
|c Juraj Kosík
|
| 773 |
0 |
|
|t PC revue : sprievodca digitálnym svetom
|g Roč. 11, č. 5 (2003), s. 108-109
|
| 850 |
|
|
|a Slovenská národná knižnica
|
| 852 |
|
|
|a Slovenská národná knižnica
|
| 954 |
|
|
|a odborná, vedecká literatúra pôvodná (slovenská)
|2 lita
|
| 958 |
|
|
|a article1
|
| 958 |
|
|
|a OND
|
| 958 |
|
|
|a EUIPO
|
| 999 |
|
|
|c 3058708
|d 3060638
|